000 00291nam a22001217a 4500
082 _a900
_bGIL/S
100 _aGILL, COLONEL NIRANJAN SINGH
245 _aSTORY OF THE I.N.A
260 _aDELHI
_bPUBLICATIOPNS DIVISION
_c1985
300 _a85
650 _aHISTORY REFERENCE
_zINDIA
942 _cBK
999 _c1600
_d1600